[Event "Liechtenstein op Seniors"]
[Site "Triesen"]
[Date "2013.05.11"]
[Round "9"]
[White "Vorotnikova, Natalia"]
[Black "Karl, Hans"]
[Result "1/2-1/2"]
[WhiteElo "1974"]
[BlackElo "2145"]
[PlyCount "63"]
[EventDate "2013.05.03"]
[EventType "swiss"]
[EventRounds "9"]
[EventCountry "LIE"]
[SourceTitle "CBM 154 Extra"]
[Source "ChessBase"]
[SourceDate "2013.06.25"]
[SourceVersion "2"]
[SourceVersionDate "2013.06.25"]
[SourceQuality "1"]

1. d4 Nf6 2. Nf3 d6 3. Bf4 Bg4 4. Nbd2 Nbd7 5. h3 Bh5 6. c3 c6 7. Qb3 Qb6 8. e3 d5 9. Bd3 Bg6 10. Bxg6 hxg6 11. Qc2 e6 12. 0-0 Be7 13. Ne5 0-0 14. Rae1 Nxe5 15. Bxe5 Nh7 16. Nf3 f5 17. h4 Qd8 18. g3 g5 19. hxg5 Nxg5 20. Nxg5 Bxg5 21. Kg2 Bf6 22. Bxf6 Qxf6 23. Rh1 Kf7 24. Qb3 Qe7 25. Rh5 Rh8 26. Reh1 Rxh5 27. Rxh5 Rg8 28. a4 g6 29. Rh7+ Rg7 30. Rh8 Rg8 31. Rh7+ Rg7 32. Rh8 1/2-1/2

[Event "Moscow op (Women)"]
[Site "Moscow"]
[Date "2012.02.01"]
[Round "5"]
[White "Vorotnikova, Natalia"]
[Black "Abdumalik, Zhansaya"]
[Result "0-1"]
[WhiteElo "1762"]
[BlackElo "2119"]
[PlyCount "86"]
[EventDate "2012.01.28"]
[EventType "swiss"]
[EventRounds "9"]
[EventCountry "RUS"]
[SourceTitle "CBM 146 Extra"]
[Source "ChessBase"]
[SourceDate "2012.02.29"]
[SourceVersion "1"]
[SourceVersionDate "2012.02.29"]
[SourceQuality "1"]

1. d4 c5 2. c3 Nf6 3. Nf3 e6 4. e3 d5 5. Bd3 Nbd7 6. Nbd2 Bd6 7. 0-0 0-0 8. Qe2 cxd4 9. exd4 Bc7 10. Ne5 Ne8 11. f4 f5 12. Ndf3 Nd6 13. c4 Nf6 14. c5 Nde4 15. Qe1 Qe8 16. Qh4 Bd7 17. Ng5 Nxg5 18. Nxd7 Nge4 19. Ne5 Qa4 20. Nf3 b6 21. Be3 Ng4 22. Qe1 Nxe3 23. Qxe3 bxc5 24. b3 Qd7 25. Rac1 cxd4 26. Nxd4 Bb6 27. Rfd1 Rfd8 28. a4 e5 29. fxe5 f4 30. Qf3 Bxd4+ 31. Kf1 Qf5 32. Bb5 Be3 33. Rc2 Rac8 34. Re2 Rc3 35. Bd3 Rxd3 36. Rxd3 Ng3+ 37. hxg3 Qxd3 38. gxf4 d4 39. Qh3 Qd1+ 40. Re1 Qd3+ 41. Re2 Rf8 42. Qe6+ Kh8 43. g3 Qd1+ 0-1

[Event "Moscow op (Women)"]
[Site "Moscow"]
[Date "2012.01.28"]
[Round "1"]
[White "Vorotnikova, Natalia"]
[Black "Baraeva, Marina"]
[Result "1/2-1/2"]
[WhiteElo "1762"]
[BlackElo "2187"]
[PlyCount "102"]
[EventDate "2012.01.28"]
[EventType "swiss"]
[EventRounds "9"]
[EventCountry "RUS"]
[SourceTitle "CBM 146 Extra"]
[Source "ChessBase"]
[SourceDate "2012.02.29"]
[SourceVersion "1"]
[SourceVersionDate "2012.02.29"]
[SourceQuality "1"]

1. d4 d5 2. c4 c6 3. Nf3 Nf6 4. e3 Bg4 5. h3 Bxf3 6. Qxf3 Nbd7 7. Nc3 e6 8. Qd1 Bd6 9. Qb3 Rb8 10. Be2 0-0 11. Bd2 dxc4 12. Qxc4 e5 13. 0-0 Qe7 14. Rad1 Nb6 15. Qb3 Rfd8 16. Rfe1 e4 17. f4 exf3 18. Bxf3 Bg3 19. Re2 Bc7 20. Be1 Qd6 21. Bf2 Nbd5 22. Ne4 Nxe4 23. Bxe4 Qh2+ 24. Kf1 Rd6 25. Bg1 Qg3 26. Bf2 Qh2 27. Bg1 Rf6+ 28. Rf2 Rxf2+ 29. Bxf2 Qd6 30. Rc1 Bb6 31. a3 Re8 32. Qd3 h6 33. Bf3 Qh2 34. Re1 Qh1+ 35. Bg1 Bc7 36. Kf2 Bd8 37. Qf1 Re6 38. g3 Rf6 39. Ke2 Rxf3 40. Qxf3 Qxh3 41. Rf1 Qe6 42. Qf5 Qe7 43. Kd3 g6 44. Qe4 Qd7 45. Kc2 Nf6 46. Qf4 Qd5 47. b3 Qg2+ 48. Qf2 Qe4+ 49. Kb2 Qd3 50. g4 Ba5 51. b4 Bd8 1/2-1/2